000 01044nam a2200277Ia 4500
003 OSt
005 20221005111934.0
006 a|||||r|||| 00| 0
007 ta
008 221004b |||||||| |||| 00| 0 hin d
020 _a9789380326702 (hbk)
_c300
024 _a108153
037 _b459, 17/03/2011, Vidyanidhi Prakashan
_cTextual
040 _aCRL
_cCRL
_bhin
041 _2hin
_ahin
082 _aQ2215, 152Q1
100 _aखण्डेलवाल, एस. एन.
245 0 _aराधातन्त्रम्
246 _aRādhātantram
260 _aवाराणसी
_bचौखम्बा सुरभारती प्रकाशन भारत
_c2011
300 _a165पृ0
_ccm.
490 _aचौखम्बा सुरभारती ग्रन्थमाला; 503
650 _aधर्मशास्त्र
942 _hQ2215, 152Q1
_cTEXL
_2cc
999 _c1023360
_d1023360